| 000 | 01409nam a2200337 a 4500 | ||
|---|---|---|---|
| 001 | ebr10604214 | ||
| 003 | CaPaEBR | ||
| 006 | m u | ||
| 007 | cr cn||||||||| | ||
| 008 | 120326s2012 sz a sb 101 0 eng d | ||
| 010 | _z 2012360799 | ||
| 020 | _z9783037853344 | ||
| 020 | _z9783038136866 (e-book) | ||
| 040 |
_aCaPaEBR _cCaPaEBR |
||
| 035 | _a(OCoLC)815478921 | ||
| 050 | 1 | 4 |
_aTA174 _b.A58 2012eb |
| 245 | 0 | 0 |
_aAnti-fatigue design and manufacturing technologies _h[electronic resource] . _nI / _cedited by Dunwen Zuo ... [et al.]. |
| 260 |
_aDurnten-Zurich, Switzerland : _bTrans Tech Publications, _c2012. |
||
| 300 |
_aa-c, 403 p. : _bill. |
||
| 440 | 0 |
_aKey engineering materials, _x1662-9809 ; _vv. 499 |
|
| 500 | _a"Special topic volume with invited peer reviewed papers only." | ||
| 504 | _aIncludes bibliographical references and indexes. | ||
| 533 |
_aElectronic reproduction. _bPalo Alto, Calif. : _cebrary, _d2011. _nAvailable via World Wide Web. _nAccess may be limited to ebrary affiliated libraries. |
||
| 650 | 0 |
_aEngineering design _vCongresses. |
|
| 650 | 0 |
_aManufacturing processes _vCongresses. |
|
| 650 | 0 |
_aTechnology _vCongresses. |
|
| 655 | 7 |
_aElectronic books. _2local |
|
| 700 | 1 | _aZuo, Dunwen. | |
| 710 | 2 | _aebrary, Inc. | |
| 856 | 4 | 0 |
_uhttp://site.ebrary.com/lib/rucke/Doc?id=10604214 _zAn electronic book accessible through the World Wide Web; click to view |
| 999 |
_c195825 _d195825 |
||